Normal view
MARC view
Entry Personal Name
001 - CONTROL NUMBER
- control field: 64136
003 - CONTROL NUMBER IDENTIFIER
- control field: dpl
005 - DATE AND TIME OF LATEST TRANSACTION
- control field: 20240402112348.0
008 - FIXED-LENGTH DATA ELEMENTS
- fixed length control field: 240402|| aca||aabn | a|a d
040 ## - CATALOGING SOURCE
- Original cataloging agency: dpl
- Transcribing agency: dpl
100 ## - HEADING--PERSONAL NAME
- Personal name: Solomon Chris
670 ## - SOURCE DATA FOUND
- Source citation: Work cat.: (dpl)201487: Solomon Chris, Sons of Light:, 2014
